00998nam a2200253 a 450000100100000000500170001000800410002702000180006804000250008604100130011108200150012410000420013924000220018124501430020326000500034630000280039650000570042450000350048158600350051670000320055170000310058395201130061499900170072700004500520201002045811.0150128s2012 dr a 000 0 spa d a9789945404890 aDO-SdBNPbspacBNPHU17aspahjap axxxxbxxxx1 aPérez, Luis Reynaldo,d1980-97301410aHaikuslEspañol10aTemblor de lunas :bHaikus /cLuis Reynaldo Pérez ; traducción al japonés ; Mayumi Hidaka y Akiko Kameda ; ilustraciones Geo Ripley. aSanto Domingo :bEdiciones de Cultura,c2012. a107 p. :bil. ;c23 cm. aIncluye datos biográficos del autor en las solapas aI Concurso Nacional de Haikú aPremio Nacional de Haiku, 20111 aHidaka, Mayumi,etr.9730151 aKameda, Akiko,etr.973016 0010718PDaPDbPDcCTd2015-01-28iLF1l0oxxxx xxxxp45005-10r2020-06-25w2020-06-25yLFPDZNo se presta c44494d44494